000
00225 a2200097 4500
001
42116
100
_a
Roget P M
245
_a
Thesaurus of Engine Words & Phrox
260
_a
_b
Longman Green & Co.
_c
090
_c
26118
_d
26118
942
_a
NUST-CAE
_c
M
_c
17912
999
_c
277189
_d
277189